Statistiques concernant Les 10 « M » pays les plus proches de Monaco

Cliquez ici pour prendre le quiz!

Statistiques générales

  • Ce quiz a été pris 184 fois
  • Le résultat moyen est 7 sur 10

Statistiques - réponses

kmpays% Correct
1269Maroc
91%
2329Mauritanie
87%
1029Malte
84%
1092Macédoine
80%
2364Mali
80%
903Monténégro
77%
1563Moldavie
76%
6759Mozambique
52%
6452Malawi
49%
5899Mongolie
47%

Distribution des résultats

Percentile par nombre de réponses

% des personnes avec chaque résultat

Votre développement - résultats

Vous n’avez pas pris ce quiz